Cost Accounting: A Managerial Emphasis (Record no. 1393)
[ view plain ]
| 005 - DATE AND TIME OF LATEST TRANSACTION | |
|---|---|
| control field | 20250424162720.0 |
| 020 ## - INTERNATIONAL STANDARD BOOK NUMBER | |
| International Standard Book Number | 0-13-179722-0 |
| 082 ## - DEWEY DECIMAL CLASSIFICATION NUMBER | |
| Classification number | 657.42 HOR |
| 100 ## - MAIN ENTRY--PERSONAL NAME | |
| Author name | HORNGREN, C. T. |
| 245 ## - TITLE STATEMENT | |
| Title | Cost Accounting: A Managerial Emphasis |
| 250 ## - EDITION STATEMENT | |
| Edition statement | 6th Ed. |
| 260 ## - PUBLICATION, DISTRIBUTION, ETC. | |
| Place of publication, distribution, etc. | London, |
| Name of publisher, distributor, etc. | Prentice-Hall, |
| Date of publication, distribution, etc. | 1987. |
| 300 ## - PHYSICAL DESCRIPTION | |
| Extent | xxii, 980p.: ill.; figure, graph, table |
| Other physical details | Glossary, index. |
| Dimensions | 22cm. |
| 700 ## - ADDED ENTRY--PERSONAL NAME | |
| Other authors/Editors | FOSTER, G. |
| 942 ## - ADDED ENTRY ELEMENTS (KOHA) | |
| Source of classification or shelving scheme | Dewey Decimal Classification |
| Koha item type | Books |
| Date last seen | Total checkouts | Full call number | Barcode | Cost, replacement price | Price effective from | Koha item type | Lost status | Source of classification or shelving scheme | Damaged status | Not for loan | Withdrawn status | Home library | Current library | Shelving location | Date acquired | Cost, normal purchase price |
|---|---|---|---|---|---|---|---|---|---|---|---|---|---|---|---|---|
| 04/14/2025 | 657.42 HOR | 0000005333 | 60000.00 | 04/14/2025 | Books | Dewey Decimal Classification | College of Business Education Main Library | College of Business Education Main Library | General Collection | 04/14/2025 | 20000.00 |
